00812nam a2200229Ia 4500003000400000005001700004008004100021020002200062040000700084041000800091082002200099100003100121245006900152260005300221300001600274365001700290650003000307906007700337942001200414999001900426952013700445OSt20230427113011.0210423s2015 xx 000 0 und d a978-0-520-27399-3 cAL aeng a973.92 223bCAMO aCAMPBELL (Joseph W)993899 aOne thousand nine hundred ninety five: the year the future began aCaliforniabUniversity of California Pressc2015 axvi,274bHB b2096.25cUSD aHistory of America993900 abegan ; five: ; future ; hundred ; nine ; ninety ; One ; thousand ; year 2ddccBK c170367d170367 001040708MAJMCaSACPGbSACPGd2019-10-25eVidyarthi Booksg2096.25l0o973.92 CAMOpPG016869r2022-08-24 00:00:00w2021-04-26yBK